| 000 | 00000nam 2200000za 4500 |
| 001 | 9.630254 |
| 003 | CaOODSP |
| 005 | 20200330144113 |
| 007 | ta |
| 008 | 150407s2015 oncdbo f000 0 eng d |
| 020 | |a978-1-100-25554-5|z978-1-100-25555-2 |
| 040 | |aCaOODSP|beng |
| 043 | |an-cn--- |
| 086 | 1 |aM34-22/2015E|zM34-22/2015E-PDF |
| 245 | 00|aCorporate social responsibility CSR checklist for Canadian mining companies working abroad. |
| 246 | 17|aCSR checklist for Canadian mining companies working abroad |
| 260 | |a[Ottawa] : |bNatural Resources Canada, |cc2015. |
| 300 | |a65 p. : |bfigs., graphs, maps, tables, photographs ; |c22 cm. |
| 500 | |aIssued also in French under title: Aide-mémoire à l'intention des entreprises d'exploration et d'exploitation minières canadiennes oeuvrant à l'étranger au sujet de la responsabilité sociale des entreprises (RSE). |
| 692 | 07|2gccst|aMining industry |
| 692 | 07|2gccst|aInternational business development |
| 710 | 1 |aCanada. |bNatural Resources Canada. |
| 775 | 08|tAide-mémoire à l'intention des entreprises d'exploration et d'exploitation minières canadiennes oeuvrant à l'étranger au sujet de la responsabilité sociale des entreprises (RSE).|w(CaOODSP)9.678167 |
| 776 | 0#|tCorporate social responsibility CSR checklist for Canadian mining companies working abroad |w(CaOODSP)9.700241 |